| 000 | 01316nam a2200241Ii 4500 | ||
|---|---|---|---|
| 003 | JO-AjNU | ||
| 005 | 20240331090106.0 | ||
| 008 | 230605s9999||||xx |||||||||||||| ||und|| | ||
| 040 | 0 |
_aJO-AjNU _bara _erda _cJO-AjNU |
|
| 041 | _aara | ||
| 050 |
_aHD7212.25.S8733 _b 2010 |
||
| 100 | 1 |
_aالعسولي، عبدالله حسين احمد _964662 _eمعد |
|
| 245 | 0 |
_aدور المعلومات المحاسبية في اتخاذ القرارات الاستثمار لدى المؤسسة العامة للضمان الاجتماعي الاردني = The Role of Accunting in formation in Making Investment Decision in Jordanian Social Security Corporation / _cاعداد عبدالله حسين احمد العسولي ؛ إشراف محمود حسن قاقيش |
|
| 260 | _c2010 | ||
| 300 | _a158ورقة | ||
| 336 |
_atext _btxt _2rdacontent |
||
| 337 |
_aunmediated _bn _2rdamedia |
||
| 338 |
_avolume _bnc _2rdacarrier |
||
| 504 | _aرسالة جامعية(ماجستير).- جامعةعجلون الوطنية (عجلون، الأردن) ، كليةالعلوم التربوية، قسم صعوبات التعلم ، 2023. | ||
| 650 | 7 | 0 |
_aالتامين الاجتماعي - محاسبة - استثمار -الاردن _964663 |
| 700 | 1 |
_aقاقيش، محمود حسن _964645 _eمشرف |
|
| 942 |
_2lcc _cTHS |
||
| 999 |
_c32989 _d32989 |
||